France Squad Euro 2024 - Statistics

General Stats
  • This quiz has been taken 231 times
  • The average score is 21 of 25
Answer Stats
Club Position Answer % Correct
PSG FW Kylian Mbappe
95%
AC Milan GK Mike Maignan
93%
Real Madrid MF Eduardo Camavinga
92%
PSG FW Ousmane Dembele
92%
AC Milan DF Theo Hernandez
92%
Al-Ittihad MF N'golo Kante
91%
Atletico Madrid MF Antoine Griezmann
90%
Barcelona DF Jules Kounde
90%
Real Madrid MF Aurelien Tchouameni
88%
Liverpool DF Ibrahima Konate
88%
Real Madrid DF Ferland Mendy
87%
West Ham GK Alphonse Areola
86%
Bayern Munich FW Kingsley Coman
86%
AC Milan FW Olivier Giroud
86%
Arsenal DF William Saliba
86%
Bayern Munich DF Dayot Upamecano
85%
Inter Milan FW Marcus Thuram
84%
Juventus MF Adrien Rabiot
82%
Inter Milan DF Benjamin Pavard
79%
PSG FW Bradley Barcola
79%
PSG FW Randal Kolo Muani
76%
PSG MF Warren Zaire-Emery
70%
Lens GK Brice Samba
66%
Marseille DF Jonathan Clauss
61%
Monaco MF Youssouf Fofana
59%
No matching quizzes found
Score Distribution
Percent of People with Each Score
Percentile by Number Answered
Your Score History
You have not taken this quiz